000 00330nam a2200133Ia 4500
005 20251222151325.0
008 251222s9999||||xx |||||||||||||| ||spa||
020 _a978670867074
082 _a628.501.54/M22
100 _aManahan E. Stanley
245 0 _aIntroducción a la Química Ambiental
264 _bREVERTE
942 _cLIB
999 _c23888
_d23888